| 000 | 00422nam a2200169Ia 4500 | ||
|---|---|---|---|
| 008 | 180207s9999 xx 000 0 und d | ||
| 020 | _a9781586681443 | ||
| 050 | _bC732 2002 | ||
| 245 | _aCome on over to Barney's house! / | ||
| 245 | _cillustrated by Darren McKee. | ||
| 260 | _aNew York : | ||
| 260 | _bScholastic, | ||
| 260 | _c2002 | ||
| 300 | _aunpaged : | ||
| 300 | _bcolor illustration ; | ||
| 300 | _c18cm. | ||
| 999 |
_c355682 _d355682 |
||